Nationalism, regionalism and philosophy of National integration / (Record no. 64912)

MARC details
000 -LEADER
fixed length control field 00519nam a22001457a 4500
005 - DATE AND TIME OF LATEST TRANSACTION
control field 20120412124229.0
020 ## - INTERNATIONAL STANDARD BOOK NUMBER
International Standard Book Number 8186030743
Terms of availability 350.00
035 ## - SYSTEM CONTROL NUMBER
System control number A-944316
245 ## - TITLE STATEMENT
Title Nationalism, regionalism and philosophy of National integration /
Statement of responsibility, etc edited by N. Malla
260 ## - PUBLICATION, DISTRIBUTION, ETC. (IMPRINT)
Place of publication, distribution, etc New Delhi
Name of publisher, distributor, etc Regency Publications
Date of publication, distribution, etc 1998
300 ## - PHYSICAL DESCRIPTION
Extent ix, 213p.
Dimensions 20 cms.
700 ## - ADDED ENTRY--PERSONAL NAME
Personal name Malla, N.
9 (RLIN) 44993
942 ## - ADDED ENTRY ELEMENTS (KOHA)
Source of classification or shelving scheme Dewey Decimal Classification
Item type English Books
Classification part 302
Call number suffix MAL
Holdings
Withdrawn status Lost status Not for loan Collection code Home library Current library Date acquired Cost, normal purchase price Full call number Barcode Cost, replacement price Koha item type
      Non-fiction Sarojini Nagar Sarojini Nagar 12/04/2012 350.00 302 MAL A-944316 350.00 English Books

© Delhi Public Library
Hit Counter
free hit counter